[Event "Lagos South West op"]
[Site "Lagos"]
[Date "2023.07.13"]
[Round "4"]
[White "Olisa, Tennyson"]
[Black "Ofowino, Toritsemuwa"]
[Result "1-0"]
[WhiteElo "2161"]
[BlackElo "1849"]
[PlyCount "95"]
[EventDate "2023.07.12"]
[EventType "swiss"]
[EventRounds "9"]
[EventCountry "NGR"]
[SourceTitle "CBM 215 Extra"]
[Source "ChessBase"]
[SourceDate "2023.09.30"]
[SourceVersion "1"]
[SourceVersionDate "2023.09.30"]
[SourceQuality "1"]

1. c4 c6 2. Nc3 d5 3. e3 Nf6 4. Nf3 a6 5. d4 Bf5 6. Bd3 Bxd3 7. Qxd3 e6 8. 0-0 Bb4 9. a3 Bxc3 10. Qxc3 0-0 11. b3 Nbd7 12. Bb2 Rc8 13. Rac1 Re8 14. Rfd1 b5 15. Nd2 bxc4 16. bxc4 c5 17. cxd5 Nxd5 18. Qd3 cxd4 19. Rxc8 Qxc8 20. Qxd4 N5f6 21. Nc4 Qc6 22. Rc1 Rc8 23. Nd2 Qb7 24. Rxc8+ Qxc8 25. h3 Qc5 26. Qd3 Qc6 27. Nf3 h6 28. Nd4 Qb7 29. Qc2 Qe4 30. Qc1 Ne5 31. Ne2 Nc4 32. Bxf6 gxf6 33. Qc3 Ne5 34. Ng3 Qc4 35. Qa5 Qc1+ 36. Kh2 Qc8 37. Ne4 Kg7 38. f4 Ng6 39. Nd6 Qa8 40. Qc7 Qf8 41. Qc6 Qe7 42. Qxa6 h5 43. Qb6 f5 44. a4 Qd7 45. a5 e5 46. a6 exf4 47. a7 Qa4 48. Qd4+ 1-0

[Event "Olympiad Women-44"]
[Site "Chennai"]
[Date "2022.08.06"]
[Round "8.2"]
[White "Ofowino, Toritsemuwa"]
[Black "Ranasinghe, Sachini D"]
[Result "0-1"]
[WhiteElo "1870"]
[BlackElo "1687"]
[PlyCount "102"]
[EventDate "2022.07.29"]
[EventType "team-swiss"]
[EventRounds "11"]
[EventCountry "IND"]
[SourceTitle "CBM 210"]
[Source "ChessBase"]
[SourceDate "2022.10.31"]
[SourceVersion "1"]
[SourceVersionDate "2022.10.31"]
[SourceQuality "1"]
[WhiteTeam "Nigeria (W)"]
[BlackTeam "Sri Lanka (W)"]
[WhiteTeamCountry "NGR"]
[BlackTeamCountry "SRI"]

1. d4 d5 2. Nf3 e6 3. Bf4 Bd6 4. e3 Ne7 5. Bg3 Nf5 6. Bd3 Nxg3 7. hxg3 h6 8. Nbd2 c5 9. c3 Nc6 10. 0-0 cxd4 11. exd4 0-0 12. Re1 Qf6 13. Qe2 Qe7 14. Ne5 Nxe5 15. dxe5 Bc7 16. Nf3 Bd7 17. g4 Bc6 18. g3 Bb6 19. Bc2 a6 20. a4 Rfd8 21. Red1 Ba7 22. Nd4 Bxd4 23. Rxd4 b5 24. Qd3 g6 25. Qd2 Kg7 26. Kg2 bxa4 27. Bxa4 Bxa4 28. Rdxa4 Qb7 29. f3 g5 30. R1a2 Rdc8 31. Qd4 Qb5 32. Qd1 Rc4 33. Ra5 Qb6 34. Qa1 Qe3 35. Qd1 Qxe5 36. Rxa6 Rxa6 37. Rxa6 d4 38. Qd3 Qb5 39. Rb6 Qxb6 40. Qxc4 Qxb2+ 41. Kf1 Qc1+ 42. Ke2 Qe3+ 43. Kd1 Qxf3+ 44. Kc2 Qxc3+ 45. Qxc3 dxc3 46. Kxc3 Kf6 47. Kd4 Ke7 48. Kc5 f6 49. Kc6 f5 50. gxf5 exf5 51. Kd5 Kf6 0-1

[Event "Tema op 7th"]
[Site "Tema"]
[Date "2022.01.08"]
[Round "4"]
[White "Ofowino, Toritsemuwa"]
[Black "Anim Addo, George"]
[Result "1-0"]
[WhiteElo "1863"]
[BlackElo "1647"]
[PlyCount "59"]
[EventDate "2022.01.07"]
[EventType "swiss"]
[EventRounds "7"]
[EventCountry "GHA"]
[SourceTitle "EXT 2023"]
[Source "ChessBase"]
[SourceDate "2022.10.05"]
[SourceVersion "1"]
[SourceVersionDate "2022.10.05"]
[SourceQuality "1"]

1. d4 Nf6 2. Bf4 e6 3. e3 c5 4. c3 b6 5. Nf3 Bb7 6. Bd3 Be7 7. h3 Nc6 8. Nbd2 0-0 9. 0-0 d6 10. Re1 Re8 11. Qe2 Bf8 12. Bh2 e5 13. dxe5 dxe5 14. e4 g6 15. Rad1 Bg7 16. Ba6 Qc7 17. Bxb7 Qxb7 18. Nc4 Qc7 19. Qc2 Nh5 20. Ne3 Rad8 21. Rxd8 Rxd8 22. Rd1 Rxd1+ 23. Qxd1 Nf4 24. Nd5 Qd8 25. Bxf4 exf4 26. Qd2 g5 27. Qd3 h6 28. Kf1 Be5 29. Qb5 Qd6 30. Qxc6 1-0

[Event "NGR-ch (Women)"]
[Site "Lagos"]
[Date "2021.11.11"]
[Round "6"]
[White "Assa, Oluwaseun"]
[Black "Ofowino, Toritsemuwa"]
[Result "0-1"]
[WhiteElo "1777"]
[BlackElo "1825"]
[PlyCount "188"]
[EventDate "2021.11.09"]
[EventType "tourn"]
[EventRounds "9"]
[EventCountry "NGR"]
[SourceTitle "CBM 205 Extra"]
[Source "ChessBase"]
[SourceDate "2022.01.31"]
[SourceVersion "1"]
[SourceVersionDate "2022.01.31"]
[SourceQuality "1"]

1. e4 c5 2. Nf3 d6 3. d4 cxd4 4. Nxd4 Nf6 5. Nc3 e6 6. Be2 Nc6 7. 0-0 Be7 8. a3 0-0 9. Be3 Nxd4 10. Bxd4 a6 11. Rb1 b5 12. Kh1 Bb7 13. f3 Rc8 14. Bd3 Qc7 15. Qe1 e5 16. Be3 Nd7 17. Rc1 Nb6 18. Qg3 Kh8 19. Ne2 Nc4 20. Bxc4 Qxc4 21. Qf2 d5 22. exd5 Qxd5 23. Nc3 Qe6 24. Ne4 Bxe4 25. fxe4 Rc4 26. Qf5 Qxf5 27. exf5 Re4 28. Bb6 f6 29. Rcd1 Re2 30. Rf2 Rxf2 31. Bxf2 Rd8 32. Rxd8+ Bxd8 33. b3 Kg8 34. c4 bxc4 35. bxc4 Kf7 36. Kg1 Ke7 37. Kf1 Kd6 38. Ke2 Kc6 39. Kd3 Bb6 40. Be1 g6 41. g4 Bc5 42. a4 gxf5 43. gxf5 Bg1 44. h3 Bc5 45. Bh4 Be7 46. Bf2 Bf8 47. Bh4 Bg7 48. Bf2 Bf8 49. Bh4 Be7 50. Bf2 Bd8 51. Be3 Bb6 52. Bd2 Bf2 53. Bb4 Bh4 54. Bd2 Kc5 55. Ba5 Bg5 56. Be1 e4+ 57. Kxe4 Kxc4 58. h4 Bc1 59. Ba5 h5 60. Bd8 Bb2 61. a5 Be5 62. Be7 Kb5 63. Bd8 Kc6 64. Kf3 Kd5 65. Bb6 Bc3 66. Bd8 Ke5 67. Bb6 Be1 68. Bc7+ Kxf5 69. Bb6 Bxh4 70. Bc7 Be1 71. Bd8 h4 72. Bc7 Bc3 73. Bd8 Be5 74. Bb6 h3 75. Bd8 Ke6 76. Kf2 Kf5 77. Kf3 h2 78. Kg2 Ke6 79. Bb6 Kd5 80. Bf2 Ke4 81. Bb6 Kd3 82. Bd8 f5 83. Bh4 Ke2 84. Bg5 Bg3 85. Be7 f4 86. Bc5 f3+ 87. Kh1 f2 88. Bxf2 Bxf2 89. Kxh2 Be1 90. Kg2 Bxa5 91. Kg3 Bc7+ 92. Kg4 a5 93. Kf5 a4 94. Ke4 a3 0-1

[Event "NGR-ch (Women)"]
[Site "Lagos"]
[Date "2021.11.11"]
[Round "5"]
[White "Ofowino, Toritsemuwa"]
[Black "Aramude, Sandra"]
[Result "0-1"]
[WhiteElo "1825"]
[BlackElo "1783"]
[PlyCount "76"]
[EventDate "2021.11.09"]
[EventType "tourn"]
[EventRounds "9"]
[EventCountry "NGR"]
[SourceTitle "CBM 205 Extra"]
[Source "ChessBase"]
[SourceDate "2022.01.31"]
[SourceVersion "1"]
[SourceVersionDate "2022.01.31"]
[SourceQuality "1"]

1. d4 Nf6 2. Nf3 c5 3. d5 d6 4. Nc3 e5 5. e4 Bg4 6. Be2 Be7 7. Nd2 Bxe2 8. Qxe2 Nbd7 9. a4 a6 10. 0-0 0-0 11. Nc4 Nb6 12. Na3 Qc7 13. a5 Nc8 14. Nc4 Nd7 15. Bd2 Na7 16. Na4 Nb5 17. c3 f5 18. f3 Rf7 19. Nab6 Raf8 20. g3 Qd8 21. Rad1 Kh8 22. Nxd7 Qxd7 23. Nb6 Qe8 24. Nc4 Bd8 25. Be3 Qd7 26. Qd3 g5 27. Bf2 Nc7 28. b4 cxb4 29. cxb4 Nb5 30. Kg2 Rf6 31. Ne3 fxe4 32. fxe4 Rf3 33. Bg1 g4 34. Qc4 Nd4 35. Nc2 Nxc2 36. Qxc2 Qb5 37. Qb1 Qe2+ 38. Bf2 Rxf2+ 0-1

[Event "NGR-ch (Women)"]
[Site "Lagos"]
[Date "2021.11.10"]
[Round "4"]
[White "Suleiman Azumi, Ayisha"]
[Black "Ofowino, Toritsemuwa"]
[Result "1-0"]
[WhiteElo "1796"]
[BlackElo "1825"]
[PlyCount "175"]
[EventDate "2021.11.09"]
[EventType "tourn"]
[EventRounds "9"]
[EventCountry "NGR"]
[SourceTitle "CBM 205 Extra"]
[Source "ChessBase"]
[SourceDate "2022.01.31"]
[SourceVersion "1"]
[SourceVersionDate "2022.01.31"]
[SourceQuality "1"]

1. e4 c5 2. Nf3 d6 3. d4 cxd4 4. Nxd4 Nf6 5. Nc3 e6 6. Be3 Be7 7. Qd2 Ng4 8. Be2 Nxe3 9. Qxe3 Nc6 10. Nb3 0-0 11. 0-0-0 a6 12. Kb1 Qc7 13. f4 b5 14. g4 b4 15. Na4 Bb7 16. Rhg1 Rad8 17. g5 Kh8 18. f5 exf5 19. exf5 f6 20. g6 h6 21. Nb6 Rfe8 22. Nd5 Qd7 23. Qf2 Bf8 24. Bg4 Re5 25. Nf4 Rc8 26. Nc5 Qe7 27. Nce6 Nd8 28. Nxf8 Qxf8 29. Qd2 Be4 30. Nd3 d5 31. Qxb4 Qxb4 32. Nxb4 a5 33. Nd3 Re7 34. Rd2 Rec7 35. Rc1 Nb7 36. Nf2 Re8 37. Nxe4 dxe4 38. Re1 Rce7 39. Rde2 Kg8 40. Re3 Kf8 41. b3 Nd6 42. Rd1 Nb7 43. Kb2 Re5 44. Rd7 R8e7 45. Rd4 Ke8 46. Rc3 Rc5 47. Rxc5 Nxc5 48. Rd5 Nb7 49. Be2 Rc7 50. a3 Ke7 51. b4 axb4 52. axb4 Rd7 53. Rxd7+ Kxd7 54. Kc3 Kc6 55. Kd4 Nd6 56. Bg4 h5 57. Bxh5 Nxf5+ 58. Kxe4 Nd6+ 59. Kd4 Nf5+ 60. Kd3 Ne7 61. c4 Kd6 62. Kc3 Nc6 63. b5 Ne5 64. Kd4 Nd7 65. Bf3 Nc5 66. Bd5 Nb3+ 67. Kc3 Nc5 68. Kb4 Nd7 69. Bc6 Nc5 70. Ka5 f5 71. Bf3 Nd7 72. Kb4 Nc5 73. b6 Nd3+ 74. Kb5 Nc5 75. b7 Nd7 76. c5+ Kc7 77. Kb4 Ne5 78. Bg2 Nxg6 79. Kc4 Ne5+ 80. Kd4 Nd7 81. c6 Nf6 82. h3 Ne8 83. Ke5 g6 84. Bd5 Ng7 85. Kf6 Nh5+ 86. Kg5 Kb8 87. Bf3 Kc7 88. Bxh5 1-0

[Event "NGR-ch (Women)"]
[Site "Lagos"]
[Date "2021.11.09"]
[Round "1"]
[White "Onoja, Iyefu Joy"]
[Black "Ofowino, Toritsemuwa"]
[Result "0-1"]
[WhiteElo "1768"]
[BlackElo "1825"]
[PlyCount "41"]
[EventDate "2021.11.09"]
[EventType "tourn"]
[EventRounds "9"]
[EventCountry "NGR"]
[SourceTitle "CBM 205 Extra"]
[Source "ChessBase"]
[SourceDate "2022.01.31"]
[SourceVersion "1"]
[SourceVersionDate "2022.01.31"]
[SourceQuality "1"]

1. d4 d5 2. Bf4 c6 3. e3 Qb6 4. Qc1 Bf5 5. Nd2 Nf6 6. c4 e6 7. c5 Qd8 8. Ngf3 Nbd7 9. Be2 Be7 10. 0-0 0-0 11. Nh4 Be4 12. Nxe4 dxe4 13. g3 Nd5 14. Ng2 g5 15. Bd6 Bxd6 16. cxd6 f5 17. f3 N7f6 18. Qc5 Qd7 19. h4 exf3 20. Bxf3 g4 21. Be2 0-1

[Event "Online Olym Div4 C"]
[Site "Chess.com INT"]
[Date "2020.08.01"]
[Round "5.5"]
[White "Ofowino, Toritsemuwa"]
[Black "Nosimilo, Mkhonto"]
[Result "1-0"]
[WhiteElo "1793"]
[BlackElo "1327"]
[PlyCount "81"]
[EventDate "2020.07.31"]
[EventType "team-tourn (rapid)"]
[EventRounds "9"]
[EventCountry "USA"]
[SourceTitle "CBM 198"]
[Source "ChessBase"]
[SourceDate "2020.10.31"]
[SourceVersion "1"]
[SourceVersionDate "2020.10.31"]
[SourceQuality "1"]
[WhiteTeam "Nigeria"]
[BlackTeam "Swaziland"]
[WhiteTeamCountry "NGR"]
[BlackTeamCountry "SWA"]

1. d4 d5 2. Bf4 e6 3. e3 Bd6 4. Bg3 Bxg3 5. hxg3 Nf6 6. Nd2 Nc6 7. c3 Bd7 8. Ngf3 Qe7 9. Bd3 h6 10. e4 dxe4 11. Nxe4 Nxe4 12. Bxe4 0-0-0 13. 0-0 f5 14. Bxc6 Bxc6 15. Ne5 Qe8 16. Nxc6 Qxc6 17. Qe2 g5 18. Rfe1 Rde8 19. Qe5 g4 20. Re2 h5 21. Rae1 h4 22. d5 Qc5 23. dxe6 Qxe5 24. Rxe5 hxg3 25. Rxf5 gxf2+ 26. Kxf2 Rhg8 27. Kg3 Rg6 28. e7 Kd7 29. Rd5+ Rd6 30. Rxd6+ cxd6 31. Kxg4 Rxe7 32. Rxe7+ Kxe7 33. Kf5 b5 34. g4 Kf7 35. g5 a5 36. g6+ Kg7 37. Ke6 Kxg6 38. Kxd6 Kf5 39. Kc5 b4 40. cxb4 axb4 41. Kxb4 1-0

[Event "Africa-ch Blitz (Women)"]
[Site "Casablanca"]
[Date "2019.08.28"]
[Round "8.5"]
[White "Mayar ElIdrissi, Firdaous"]
[Black "Ofowino, Toritsemuwa"]
[Result "0-1"]
[WhiteElo "1888"]
[BlackElo "1848"]
[PlyCount "81"]
[EventDate "2019.08.28"]
[EventType "swiss (blitz)"]
[EventRounds "9"]
[EventCountry "MAR"]
[SourceTitle "EXT 2024"]
[Source "ChessBase"]
[SourceDate "2023.10.10"]
[SourceVersion "1"]
[SourceVersionDate "2023.10.10"]
[SourceQuality "1"]

1. e4 d6 2. d4 Nf6 3. Nc3 c6 4. Nf3 Bg4 5. Be2 e6 6. Be3 Be7 7. Qd2 a5 8. h3 Bxf3 9. Bxf3 d5 10. e5 Nfd7 11. g4 c5 12. Ne2 cxd4 13. Bxd4 Nc6 14. Bg2 Ndxe5 15. f4 Nd7 16. Bxg7 Rg8 17. Bc3 Bh4+ 18. Kd1 Bf6 19. g5 Bxc3 20. Qxc3 Qb6 21. Kd2 Rc8 22. Qd3 Nb4 23. Qxh7 Rxc2+ 24. Kd1 Rf8 25. a3 Qe3 26. Qxc2 Nxc2 27. Kxc2 Qxe2+ 28. Kb3 Qxg2 29. Rac1 Ke7 30. Rhg1 Qxh3+ 31. Ka2 Qe3 32. f5 Kd6 33. f6 Ne5 34. Rce1 Qf4 35. Ref1 Qc4+ 36. Ka1 Rc8 37. Rh1 Qc2 38. g6 Qxg6 39. Rb1 Qc2 40. Rbe1 Nd3 41. Rb1 0-1

[Event "Africa-chT rapid (Women)"]
[Site "Casablanca"]
[Date "2019.08.27"]
[Round "9.2"]
[White "Mwango, Lorita"]
[Black "Ofowino, Toritsemuwa"]
[Result "1-0"]
[WhiteElo "1844"]
[BlackElo "1827"]
[PlyCount "157"]
[EventDate "2019.08.26"]
[EventType "swiss (rapid)"]
[EventRounds "9"]
[EventCountry "MAR"]
[SourceTitle "EXT 2020"]
[Source "ChessBase"]
[SourceDate "2019.10.17"]
[SourceVersion "1"]
[SourceVersionDate "2019.10.17"]
[SourceQuality "1"]

1. c4 c6 2. d4 d5 3. cxd5 cxd5 4. Nc3 Nf6 5. Nf3 Nc6 6. Bf4 a6 7. e3 Bf5 8. Bd3 Bxd3 9. Qxd3 e6 10. 0-0 Bd6 11. Bg5 0-0 12. Rac1 Rc8 13. a3 Be7 14. Rc2 h6 15. Bh4 Na5 16. Ne5 Nc4 17. Nf3 Qd7 18. Rfc1 Rfd8 19. h3 Rc7 20. Bg3 Bd6 21. Ne5 Bxe5 22. dxe5 Ne8 23. Ne2 Rdc8 24. Qd1 Nxb2 25. Rxb2 Rxc1 26. Nxc1 Qc6 27. Ne2 Rc7 28. Nd4 Qc5 29. a4 Qa3 30. Rb1 Qc3 31. Qb3 Qc5 32. Qb6 Qe7 33. Qb4 Qd7 34. Kh2 Qc8 35. Nb3 Rc4 36. Qa5 g6 37. Nd2 Rc2 38. Nf3 Rc5 39. Qb6 Rc7 40. Nd4 Kg7 41. Qa5 Rc4 42. Rb6 Qc7 43. h4 Kg8 44. Nb3 Ng7 45. Rd6 Rc6 46. Qxc7 Rxc7 47. Rb6 Nf5 48. Na5 Nxg3 49. Kxg3 Rc8 50. Rxb7 Rc5 51. Nb3 Rc4 52. a5 Ra4 53. Rb6 Ra3 54. Nc5 Rxa5 55. Nxa6 Ra4 56. Nc5 Rc4 57. Rb5 Kf8 58. Nd7+ Ke7 59. Nf6 Rc8 60. Ng4 h5 61. Nf6 Kf8 62. Rb7 Kg7 63. Re7 Ra8 64. Re8 Rxe8 65. Nxe8+ Kf8 66. Nf6 Ke7 67. Kf4 Kf8 68. Kg5 Kg7 69. f3 Kh8 70. Kh6 g5 71. Kxg5 Kg7 72. Nxh5+ Kf8 73. Nf6 Kg7 74. h5 d4 75. exd4 Kh8 76. d5 Kg7 77. d6 Kf8 78. f4 Kg7 79. d7 1-0

[Event "Africa-chT rapid (Women)"]
[Site "Casablanca"]
[Date "2019.08.26"]
[Round "4.1"]
[White "Ofowino, Toritsemuwa"]
[Black "Wafa, Shrook"]
[Result "0-1"]
[WhiteElo "1827"]
[BlackElo "2033"]
[PlyCount "138"]
[EventDate "2019.08.26"]
[EventType "swiss (rapid)"]
[EventRounds "9"]
[EventCountry "MAR"]
[SourceTitle "EXT 2020"]
[Source "ChessBase"]
[SourceDate "2019.10.17"]
[SourceVersion "1"]
[SourceVersionDate "2019.10.17"]
[SourceQuality "1"]

1. d4 f5 2. Bf4 Nf6 3. e3 d5 4. h3 e6 5. Nf3 c5 6. c3 Nc6 7. Be2 b6 8. Qa4 Bd7 9. Qd1 Be7 10. 0-0 0-0 11. Nbd2 Ne4 12. Ne5 Nxe5 13. Bxe5 Bf6 14. Nf3 Bc6 15. Bd3 Qe7 16. Qe2 Rad8 17. Bh2 Be8 18. Ne5 Bxe5 19. Bxe5 Qh4 20. f3 Ng5 21. Qf2 Qh5 22. Qg3 Qg6 23. h4 Nf7 24. Qxg6 hxg6 25. f4 Nxe5 26. fxe5 Kf7 27. g3 Rh8 28. Kg2 Bd7 29. Rh1 g5 30. hxg5 Kg6 31. Rh4 Kxg5 32. Rah1 Rh6 33. Rxh6 gxh6 34. Be2 Be8 35. Rh4 h5 36. Rh1 a5 37. Kf3 Rc8 38. Bd3 b5 39. Rb1 cxd4 40. exd4 Bd7 41. Rc1 Rf8 42. Rg1 b4 43. cxb4 axb4 44. Rc1 f4 45. Rc7 fxg3+ 46. Kxg3 h4+ 47. Kg2 Bc8 48. Bb5 Kf4 49. Rh7 Rg8+ 50. Kh2 Kf3 51. Rf7+ Ke3 52. Rh7 Kxd4 53. Rxh4+ Kc5 54. Ba4 Rg5 55. Rh8 Ba6 56. Ra8 Bf1 57. Rc8+ Kd4 58. Rb8 Rg2+ 59. Kh1 Rxb2 60. Bb3 Kxe5 61. Rxb4 Bc4 62. Rb8 Bxb3 63. axb3 d4 64. Kg1 Ke4 65. Rh8 Rxb3 66. Rh4+ Kd5 67. Kf2 e5 68. Ke2 Rb2+ 69. Kd3 e4+ 0-1

[Event "Africa-chT rapid (Women)"]
[Site "Casablanca"]
[Date "2019.08.26"]
[Round "5.4"]
[White "Pires, Luzia"]
[Black "Ofowino, Toritsemuwa"]
[Result "1/2-1/2"]
[WhiteElo "1636"]
[BlackElo "1827"]
[PlyCount "98"]
[EventDate "2019.08.26"]
[EventType "swiss (rapid)"]
[EventRounds "9"]
[EventCountry "MAR"]
[SourceTitle "EXT 2020"]
[Source "ChessBase"]
[SourceDate "2019.10.17"]
[SourceVersion "1"]
[SourceVersionDate "2019.10.17"]
[SourceQuality "1"]

1. e4 d6 2. d4 Nf6 3. Bd3 c6 4. Be3 e5 5. dxe5 dxe5 6. h3 Be7 7. Nf3 Qc7 8. 0-0 0-0 9. Nc3 Nbd7 10. a3 Re8 11. Re1 Nf8 12. Bc4 Be6 13. Bxe6 Nxe6 14. Qe2 Red8 15. Rad1 Nh5 16. Nd2 Nhf4 17. Qg4 h5 18. Qg3 Rd7 19. Nb3 Rad8 20. Rxd7 Rxd7 21. f3 b6 22. Qf2 Qd8 23. Qf1 Bh4 24. Bf2 Bxf2+ 25. Qxf2 Nd4 26. Nc1 h4 27. Kh2 Nh5 28. Re3 Qg5 29. Nd3 Nxc2 30. Re2 Rxd3 31. Rxc2 Qf4+ 32. Kg1 Ng3 33. Qe1 Qf6 34. Rd2 Qd6 35. Rxd3 Qxd3 36. Qd1 Qxd1+ 37. Nxd1 Ne2+ 38. Kf2 Nd4 39. Ne3 Kf8 40. Nc4 f6 41. Ke3 Ke7 42. f4 Ke6 43. f5+ Ke7 44. Nd2 Kf7 45. Nf3 Nxf3 46. Kxf3 g5 47. fxg6+ Kxg6 48. Kg4 a5 49. Kxh4 f5 1/2-1/2

[Event "Africa-chT rapid"]
[Site "Casablanca"]
[Date "2019.08.24"]
[Round "5.6"]
[White "Mentile, Lishen"]
[Black "Ofowino, Toritsemuwa"]
[Result "0-1"]
[WhiteElo "1513"]
[BlackElo "1877"]
[PlyCount "80"]
[EventDate "2019.08.24"]
[EventType "team-swiss (rapid)"]
[EventRounds "9"]
[EventCountry "MAR"]
[SourceTitle "EXT 2020"]
[Source "ChessBase"]
[SourceDate "2019.10.17"]
[SourceVersion "1"]
[SourceVersionDate "2019.10.17"]
[SourceQuality "1"]
[WhiteTeam "Namibia"]
[BlackTeam "Nigeria"]
[WhiteTeamCountry "NAM"]
[BlackTeamCountry "NGR"]

1. e4 d6 2. Nc3 Nf6 3. h3 e5 4. Nf3 Be7 5. Bc4 c6 6. d3 a5 7. a4 0-0 8. 0-0 Qc7 9. Be3 Nbd7 10. Qd2 Nb6 11. Bb3 Bd7 12. Ne2 Rfd8 13. Rfd1 Be8 14. c3 Nbd7 15. Qc2 Nf8 16. Ng3 Bd7 17. Ng5 Be6 18. Nxe6 fxe6 19. Rac1 d5 20. exd5 exd5 21. Nf5 Kh8 22. Qe2 Ng6 23. Bg5 Rf8 24. Nxe7 Qxe7 25. Qe3 h6 26. Bxf6 Qxf6 27. Rf1 Nf4 28. Rce1 Qg6 29. Qg3 Qxg3 30. fxg3 Nxd3 31. Re2 Rxf1+ 32. Kxf1 Rf8+ 33. Kg1 e4 34. c4 Nc5 35. Ba2 d4 36. Bb1 e3 37. Ba2 Re8 38. Bb1 d3 39. Bxd3 Nxd3 40. Kf1 Nc1 0-1

[Event "Africa-ch (Women)"]
[Site "Hammamet"]
[Date "2019.07.16"]
[Round "8.6"]
[White "Ofowino, Toritsemuwa"]
[Black "Chihi, Malak"]
[Result "1-0"]
[WhiteElo "1877"]
[BlackElo "1526"]
[PlyCount "69"]
[EventDate "2019.07.09"]
[EventType "swiss"]
[EventRounds "9"]
[EventCountry "TUN"]
[SourceTitle "CBM 191 Extra"]
[Source "ChessBase"]
[SourceDate "2019.09.30"]
[SourceVersion "1"]
[SourceVersionDate "2019.09.30"]
[SourceQuality "1"]

1. d4 d5 2. Bf4 e6 3. e3 Nf6 4. Nd2 Bd6 5. Bg3 0-0 6. Bd3 c5 7. c3 b6 8. Ngf3 Bxg3 9. hxg3 h6 10. Ne5 Bb7 11. Qf3 Nbd7 12. g4 Nxe5 13. dxe5 Nd7 14. Qg3 f6 15. exf6 Qxf6 16. Nf3 g5 17. Qc7 Bc8 18. Bb5 Rf7 19. Bc6 Nf8 20. Qe5 Bb7 21. Qxf6 Rxf6 22. Bxb7 Rb8 23. Bc6 Kg7 24. Ne5 Rc8 25. Ba4 Ng6 26. Nxg6 Kxg6 27. Rd1 Kg7 28. Ke2 Rf7 29. Rd2 Rd8 30. Rhd1 Rb8 31. Bc2 Rfb7 32. Bb3 Re7 33. c4 dxc4 34. Bxc4 Rc8 35. Bb5 1-0

[Event "Africa-ch (Women)"]
[Site "Hammamet"]
[Date "2019.07.13"]
[Round "5.3"]
[White "Wafa, Shahenda"]
[Black "Ofowino, Toritsemuwa"]
[Result "0-1"]
[WhiteElo "2175"]
[BlackElo "1877"]
[PlyCount "172"]
[EventDate "2019.07.09"]
[EventType "swiss"]
[EventRounds "9"]
[EventCountry "TUN"]
[SourceTitle "CBM 191 Extra"]
[Source "ChessBase"]
[SourceDate "2019.09.30"]
[SourceVersion "1"]
[SourceVersionDate "2019.09.30"]
[SourceQuality "1"]

1. d4 d5 2. Bf4 Nf6 3. e3 e6 4. Nf3 Bd6 5. Bg3 Bxg3 6. hxg3 Qd6 7. c3 Nbd7 8. Nbd2 e5 9. dxe5 Nxe5 10. Nxe5 Qxe5 11. Nf3 Qe7 12. Bd3 c6 13. Qc2 g6 14. 0-0-0 Bg4 15. Rde1 Bxf3 16. gxf3 0-0-0 17. Qa4 Kb8 18. Kb1 h5 19. Rh4 Rhe8 20. Rd1 Nd7 21. Qc2 Ne5 22. Be2 Rd6 23. f4 Nd7 24. f5 Rf6 25. Rf4 Qe5 26. fxg6 fxg6 27. Bd3 g5 28. Rf5 Rxf5 29. Bxf5 Nf6 30. Rh1 Rh8 31. Bh3 Kc7 32. Kc1 Rf8 33. Rf1 Qe4 34. Qe2 Re8 35. Kd2 g4 36. f3 Qe6 37. Bg2 gxf3 38. Qxf3 Ne4+ 39. Ke2 Re7 40. Qf4+ Nd6 41. Rf3 d4 42. Qxd4 Qxa2 43. Qb4 a5 44. Qa3 Qxa3 45. bxa3 b5 46. Rf6 Re5 47. Bf3 Rc5 48. Kd3 Rg5 49. a4 bxa4 50. Rf4 a3 51. Ra4 Kb6 52. Rxa3 Nf5 53. Ra4 Nxg3 54. Rh4 Kb5 55. Bd1 Kc5 56. Rc4+ Kd6 57. Rd4+ Rd5 58. Kc2 c5 59. Rf4 Nf5 60. Rf3 Ke5 61. Rh3 h4 62. Bg4 Rd8 63. Bxf5 Kxf5 64. Rxh4 Ke5 65. Ra4 Ra8 66. Kd3 Kd5 67. e4+ Kc6 68. Kc4 Re8 69. Rxa5 Rxe4+ 70. Kd3 Rh4 71. c4 Rh3+ 72. Kc2 Kd6 73. Rb5 Kc6 74. Ra5 Rh2+ 75. Kc3 Rh3+ 76. Kc2 Kd6 77. Rb5 Ra3 78. Kb2 Ra6 79. Kc3 Kc6 80. Rb8 Ra3+ 81. Kb2 Rh3 82. Rb5 Rh7 83. Kc3 Rd7 84. Kc2 Kd6 85. Kc3 Rc7 86. Rb6+ Ke5 0-1